|
|
|
|
| LEADER |
00000cam a2200000 7i4500 |
| 001 |
0000002513 |
| 005 |
20031111.0 |
| 020 |
0 |
0 |
|a 0827380100
|
| 090 |
0 |
0 |
|a R634.9
|b BUR 2000
|
| 100 |
1 |
0 |
|a BURTON
|h L. DeVere
|
| 245 |
1 |
0 |
|a Introduction to forestry science
|c L. DeVere Burton
|
| 260 |
0 |
0 |
|a Albany, New York :
|b Delmar Pub. ,
|c 2000
|
| 300 |
|
|
|a xiii, 498 p. :
|b ill. ;
|c 25 cm.
|
| 500 |
0 |
0 |
|a Includes index
|
| 650 |
0 |
0 |
|a Forest management
|x Juvenile literature
|
| 650 |
0 |
0 |
|a Forest management
|z United States
|x Juvenile literature
|
| 650 |
0 |
0 |
|a Forests and forestry
|x Juvenile literature
|
| 650 |
0 |
0 |
|a Forests and forestry
|z North America
|x Juvenile literature
|
| 998 |
|
|
|a JPSM
|
| 999 |
|
|
|a 0000004676
|b Monograph
|c Reference
|e Default branch
|